00903nam a2200229 a 450000500170000000800410001704000250005804100080008308200180009110000240010924501050013326000450023830000320028365000320031565000410034765000300038865000510041870000270046994200150049699900150051195201470052620200104041535.0140306b1999 -Uk||||| |||| 00| 0 eng d aCO-BoIAVHcCO-BoIAVH aeng a333.7071bH51 aFolmer, Henk917295 aInternational yearbook of environmental and resource economics 1999/2000ba survey of current issues aCheltenhambEdwar Elgar Publishingc1999 a326 páginas.c23 x 16 cm. aPolítica ambiental987230 aProtección del medio ambiente9271 aCambio climático987232 aEvaluación de políticas ambientales917299 aTietenberg, Tom911075 cImpreso2z c2754d2754 00102ddc40708GENERALA1999aBogotabBogotad2017-11-24l0oLB-333.7071 H51p004948r2017-11-24 00:00:00tEj.1w2017-11-24xDonacionyLIBRO